000 00732nam a2200277Ia 4500
005 20260324132939.0
008 008 260324s9999 xx 000 0 eng d
020 _a9780429079610
037 _aEBOOK
040 _aCRL
040 _beng
040 _cCRL
041 _2eng
041 _aeng
084 _qCRL
100 _aRene van Grieken; Koen Janssens
_91191220
245 0 _aCultural Heritage Conservation and Environmental Impact Assessment by Non-Destructive Testing and Micro-Analysis
260 _bTaylor and Francis
260 _c2004
365 _a
365 _b400
856 _uhttp://www.taylorfrancis.com/books/9780429079610
942 _cEBOOK
999 _c1789798
_d1789798